1746 1607 1402 1923 1560 1063 1339 1053 1997 1631 1096 1242 1784 1083 1991 1197 1404 1496 1084 1213 1338 1606 1762 1464 1638 1410 1349 1818 1944 1810 1034 1670 1812 1244 1584 1539 1736 1600 1804 1255 1159 1175 1316 1642 1895 1193 1459 1367 1028 1166 1069 1535 1851 1301 1198 1095 1220 1868 1264 1797 1962 1088 1853 1692 1066 1494 1563 1941 1163 1068 1798 1721 1434 1556 1097 1857 1342 1479 1400 1075 1027 1603 1599 1004 1786 1124 1236 1602 1433 1369 1510 1588 1171 1046 1236 1038 1692 1855 1184 BCNSPRNW ULIB Ver.6.0+V

เปลี่ยนเป็นภาษาไทย

Change to English
 แสดงรายละเอียดบรรณานุกรม
  กลับหน้าหลัก

Brief Record : Get Marc (ISO 2709) : E-mail record : QR code < ปิดหน้าต่าง
LEADER : 00000nam 2200000uu 4500
001    13399120855
003     ULIB
008    020711s2550 th a 000 0 tha d
020    9744151684
050    BF637^bก151ค
110 1  กระทรวงสาธารณสุข.^bกรมสุขภาพจิต.
245    คู่มือ การให้การปรึกษาสำหรับประชาชน./^cกรมสุขภาพจิต
250    พิมพ์ครั้งที่ 1
260    นนทบุรี :^bโรงพิมพ์ตำรวจ,^c2550
945    ^p0^l0^i14470
999    ^aทศพร เกษรทอง
รายการนี้ยังไม่มีแท็ก
คุณยังไม่ได้ล็อกอิน คุณสามารถมีกิจกรรมร่วมกับเว็บไซต์ได้ แต่ต้องล็อกอินก่อน ::
  ล็อกอิน

รายการสื่อสารสนเทศ

ลำดับที่ ประเภท เลขเรียก/บาร์โค้ด สถานที่ สถานะ
1. วิทยาศาสตร์การแพทย์ และสุขภาพ
วิทยาศาสตร์การแพทย์ และสุขภาพ
BF637 ก151ค  
  Barcode: 14470
ห้องสมุดวิทยาเขตสวรรค์ประชารักษ์
►หนังสือทั่วไป
บนชั้น

BibComment


ยังไม่เคยถูกคอมเมนท์

คอมเมนท์ทรัพยากรรายการนี้
  คอมเมนท์: คู่มือ การให้การป..


 Copyright 2026. Bcnsprnw @Library